Administración / (Record no. 116065)

MARC details
000 -CABECERA
campo de control de longitud fija 00544nam a2200181 a 4500
005 - FECHA Y HORA DE LA ÚLTIMA TRANSACCIÓN
campo de control 20230223063533.0
008 - ELEMENTOS DE LONGITUD FIJA--INFORMACIÓN GENERAL
campo de control de longitud fija 060426s2004 mx r 000 0 spa d
020 ## - NÚMERO INTERNACIONAL NORMALIZADO PARA LIBROS
Número Internacional Estándar del Libro 9701038231
035 ## - NÚMERO DE CONTROL DEL SISTEMA
Número de control de sistema UPN01000143918
049 ## - COLECCIÓN
Colección CG
050 #4 - SIGNATURA TOPOGRÁFICA DE LA BIBLIOTECA DEL CONGRESO
Número de clasificación HD30.4
Número de documento/Ítem A3.5
245 00 - MENCIÓN DE TÍTULO
Título Administración /
Mención de responsabilidad, etc. Raymundo Javier Benavides Pañeda ... [et al.].
260 ## - PUBLICACIÓN, DISTRIBUCIÓN, ETC.
Lugar de publicación, distribución, etc. México :
Nombre del editor, distribuidor, etc. McGraw-Hill,
Fecha de publicación, distribución, etc. c2004.
300 ## - DESCRIPCIÓN FÍSICA
Extensión xv, 354 p.
650 #2 - ASIENTO SECUNDARIO DE MATERIA - TERMINO TEMATICO
Término de materia o nombre geográfico como elemento de entrada Administración
Subdivisión general Estudio y enseñanza
9 (RLIN) 423
700 1# - ASIENTO SECUNDARIO--NOMBRE DE PERSONAL
Nombre de persona Benavides Pañeda, Raymundo Javier,
Término indicativo de función/relación coaut.
905 ## - TIPO DE MATERIAL
Tipo de material Libro
Holdings
Estado de retiro Estado de pérdida Fuente del sistema de clasificación o colocación Estado dañado No para préstamo Código de colección Localización permanente Ubicación/localización actual Ubicación en estantería Total de préstamos Clasificación Código de barras Fecha visto por última vez Número de copia Tipo de ítem Koha
    Library of Congress Classification     Colección General Bib. Gregorio Torres Quintero Bib. Gregorio Torres Quintero Planta baja 24 HD30.4 A3.5 237160 31/12/2020 1 Libro
    Library of Congress Classification     Colección General Bib. Gregorio Torres Quintero Bib. Gregorio Torres Quintero Planta baja 15 HD30.4 A3.5 253694 31/12/2020 1 Libro